书目信息 |
| 题名: |
兽药制剂工艺
|
|
| 作者: | 崔耀明 主编 | |
| 分册: | ||
| 出版信息: | 北京 中国农业大学出版社 2007.08 |
|
| 页数: | 301页 | |
| 开本: | 23cm | |
| 丛书名: | ||
| 单 册: | ||
| 中图分类: | S859.5 | |
| 科图分类: | ||
| 主题词: | 兽医学--shou yi xue--制剂学 | |
| 电子资源: | ||
| ISBN: | 978-7-81117-321-5 | |
| 000 | 00894nam0 2200253 450 | |
| 001 | 012008149833 | |
| 005 | 20080419143335.31 | |
| 010 | @a978-7-81117-321-5@dCNY26.00 | |
| 100 | @a20080419d2007 em y0chiy0120 ea | |
| 101 | 0 | @achi |
| 102 | @aCN@b110000 | |
| 105 | @aa a 000yy | |
| 106 | @ar | |
| 200 | 1 | @a兽药制剂工艺@Ashou yao zhi ji gong yi@f崔耀明主编@Fcui yao ming zhu bian |
| 210 | @a北京@c中国农业大学出版社@d2007.08 | |
| 215 | @a301页@c图@d23cm | |
| 300 | @a普通高等教育“十一五”国家级规划教材(高职高专教育) | |
| 320 | @a有书目 | |
| 330 | @a全书除绪论外,共分四个部分,一是基本理论应用,二是药物剂型与制剂生产工艺,三是介绍了常用中药制剂的关键技术,四是介绍新剂型与新技术在兽药制剂中的应用。 | |
| 606 | 0 | @a兽医学@Ashou yi xue@x制剂学 |
| 690 | @aS859.5@v4 | |
| 701 | 0 | @a崔耀明@Acui yao ming@4主编 |
| 801 | 0 | @aCN@bQSSK@c20080419 |
| 905 | @b294497-98@dS859.5@eC979@f2 | |
| 兽药制剂工艺/崔耀明主编.-北京:中国农业大学出版社,2007.08 |
| 301页:图;23cm |
| 普通高等教育“十一五”国家级规划教材(高职高专教育) |
| ISBN 978-7-81117-321-5:CNY26.00 |
| 全书除绪论外,共分四个部分,一是基本理论应用,二是药物剂型与制剂生产工艺,三是介绍了常用中药制剂的关键技术,四是介绍新剂型与新技术在兽药制剂中的应用。 |
| ● |
| 相关链接 |
|
|
|
正题名:兽药制剂工艺
索取号:S859.5/C979
 
预约/预借
| 序号 | 登录号 | 条形码 | 馆藏地/架位号 | 状态 | 备注 |
| 1 | 294497 | 202944975 | 自科库401/401自科库 2排2列2层/ [索取号:S859.5/C979] | 在馆 | |
| 2 | 294498 | 202944984 | 自科库401/401自科库 2排2列2层/ [索取号:S859.5/C979] | 在馆 |